Demand responsive transportation: planning guidelines 1976

Guardat en:
Dades bibliogràfiques
Autors principals: Chung, Cady C (Autor), Ferrantino, John R (Autor)
Format: Llibre
Idioma:anglès
Publicat: Washington, D.C U.S Department of Transportation.Urban Mass Transportation Administration 1976
Col·lecció:UMTA-VA-06-0024-76-6. MTR-7360
Matèries:
Etiquetes: Afegir etiqueta
Sense etiquetes, Sigues el primer a etiquetar aquest registre!

MARC

LEADER 00000nam a2200000 a 4500
001 UCU6491
003 CL-VaPUC
008 960621e19761000us |||||||||||||||||eng|d
082 0 4 |a 388.8  |b CHU  |2 21 
100 0 |a Chung, Cady C  |e author  |9 364708 
700 0 |a Ferrantino, John R  |e author  |9 364709 
245 1 0 |a Demand responsive transportation: planning guidelines 1976 
300 |a 81 p 
942 |c BK 
945 |d 19960621 00:00:00  |a cmena 
260 |a Washington, D.C  |b U.S Department of Transportation.Urban Mass Transportation Administration  |c 1976 
650 0 |a Transporte urbano  |9 260307 
650 0 |a Planificación urbana   |9 258176 
650 7 |a SERVICIOS DE TRANSPORTE  |2 CL-VaPUC  |9 358013 
650 0 |a Transporte público  |9 348060 
583 |a last modification  |c 20171219 02:22:30  |k Rodrigo Vera 
490 0 |a UMTA-VA-06-0024-76-6. MTR-7360 
999 |c 249382  |d 249380